Greek football champions - Statistics

General Stats
  • This quiz has been taken 579 times
  • The average score is 76 of 81
Answer Stats
year Answer % Correct
1930/31 olympiacos piraeus
99%
1932/33 olympiacos piraeus
99%
1933/34 olympiacos piraeus
99%
1935/36 olympiacos piraeus
99%
1936/37 olympiacos piraeus
99%
1937/38 olympiacos piraeus
99%
1946/47 olympiacos piraeus
99%
1947/48 olympiacos piraeus
99%
1950/51 olympiacos piraeus
99%
1953/54 olympiacos piraeus
99%
1954/55 olympiacos piraeus
99%
1955/56 olympiacos piraeus
99%
1956/57 olympiacos piraeus
99%
1957/58 olympiacos piraeus
99%
1958/59 olympiacos piraeus
99%
1965/66 olympiacos piraeus
99%
1966/67 olympiacos piraeus
99%
1972/73 olympiacos piraeus
99%
1973/74 olympiacos piraeus
99%
1974/75 olympiacos piraeus
99%
1979/80 olympiacos piraeus
99%
1980/81 olympiacos piraeus
99%
1981/82 olympiacos piraeus
99%
1982/83 olympiacos piraeus
99%
1986/87 olympiacos piraeus
99%
1996/97 olympiacos piraeus
99%
1997/98 olympiacos piraeus
99%
1998/99 olympiacos piraeus
99%
1999/00 olympiacos piraeus
99%
2000/01 olympiacos piraeus
99%
2001/02 olympiacos piraeus
99%
2002/03 olympiacos piraeus
99%
2004/05 olympiacos piraeus
99%
2005/06 olympiacos piraeus
99%
2006/07 olympiacos piraeus
99%
2007/08 olympiacos piraeus
99%
2008/09 olympiacos piraeus
99%
2010/11 olympiacos piraeus
99%
2011/12 olympiacos piraeus
99%
2012/13 olympiacos piraeus
99%
2013/14 olympiacos piraeus
99%
2014/15 olympiacos piraeus
99%
2015/16 olympiacos piraeus
99%
2016/17 olympiacos piraeus
99%
1929/30 Panathinaikos
98%
1948/49 Panathinaikos
98%
1938/39 AEK Athens
96%
1939/40 AEK Athens
95%
1962/63 AEK Athens
95%
1967/68 AEK Athens
95%
1970/71 AEK Athens
95%
1977/78 AEK Athens
95%
1978/79 AEK Athens
95%
1988/89 AEK Athens
95%
1991/92 AEK Athens
95%
1992/93 AEK Athens
95%
1993/94 AEK Athens
95%
1975/76 PAOK thessaloniki
92%
1984/85 PAOK thessaloniki
92%
1927/28 Aris thessaloniki
85%
1931/32 Aris thessaloniki
85%
1952/53 Panathinaikos
85%
1959/60 Panathinaikos
85%
1960/61 Panathinaikos
85%
1961/62 Panathinaikos
85%
1963/64 Panathinaikos
85%
1964/65 Panathinaikos
85%
1968/69 Panathinaikos
85%
1969/70 Panathinaikos
85%
1971/72 Panathinaikos
85%
1976/77 Panathinaikos
85%
1983/84 Panathinaikos
85%
1985/86 Panathinaikos
85%
1989/90 Panathinaikos
85%
1990/91 Panathinaikos
85%
1994/95 Panathinaikos
85%
1995/96 Panathinaikos
85%
2003/04 Panathinaikos
85%
2009/10 Panathinaikos
85%
1945/46 Aris thessaloniki
79%
1987/88 Larisa
68%
No matching quizzes found
Score Distribution
Percent of People with Each Score
Percentile by Number Answered
Your Score History
You have not taken this quiz